Discrete-Event System Simulation / (Record no. 14828)
[ view plain ]
| 000 -LEADER | |
|---|---|
| fixed length control field | 00891cam a22002775a 4500 |
| 001 - CONTROL NUMBER | |
| control field | 16111780 |
| 005 - DATE AND TIME OF LATEST TRANSACTION | |
| control field | 20150813120134.0 |
| 008 - FIXED-LENGTH DATA ELEMENTS--GENERAL INFORMATION | |
| fixed length control field | 100227s2010 njua fr 001 0 eng |
| 010 ## - LIBRARY OF CONGRESS CONTROL NUMBER | |
| LC control number | 2010286363 |
| 020 ## - INTERNATIONAL STANDARD BOOK NUMBER | |
| International Standard Book Number | 0138150370 |
| 020 ## - INTERNATIONAL STANDARD BOOK NUMBER | |
| International Standard Book Number | 9780138150372 |
| 040 ## - CATALOGING SOURCE | |
| Original cataloging agency | DLC |
| Transcribing agency | DLC |
| Modifying agency | DLC |
| -- | EG-ScBUE |
| Language of cataloging | eng |
| 050 00 - LIBRARY OF CONGRESS CALL NUMBER | |
| Item number | .D53 2010 |
| 082 04 - DEWEY DECIMAL CLASSIFICATION NUMBER | |
| Classification number | 003.83 |
| Item number | DIS |
| Edition number | 22 |
| 245 00 - TITLE STATEMENT | |
| Title | Discrete-Event System Simulation / |
| Statement of responsibility, etc | Jerry Banks ... [et al.]. |
| 250 ## - EDITION STATEMENT | |
| Edition statement | 5th ed., International ed. |
| 260 ## - PUBLICATION, DISTRIBUTION, ETC. (IMPRINT) | |
| Place of publication, distribution, etc | Upper Saddle River ; |
| Name of publisher, distributor, etc | Prentice Hall, |
| Date of publication, distribution, etc | c.2010. |
| 300 ## - PHYSICAL DESCRIPTION | |
| Extent | 640 p. : |
| Other physical details | ill. ; |
| Dimensions | 24 cm. |
| 500 ## - GENERAL NOTE | |
| General note | Index : p. 625-640. |
| 590 ## - LOCAL NOTE (RLIN) | |
| Local note | doaa mohamed |
| 650 #0 - SUBJECT ADDED ENTRY--TOPICAL TERM | |
| Topical term or geographic name as entry element | Simulation methods. |
| 9 (RLIN) | 21081 |
| Source of heading or term | BUEsh |
| 651 ## - SUBJECT ADDED ENTRY--GEOGRAPHIC NAME | |
| Source of heading or term | BUEsh |
| 700 1# - ADDED ENTRY--PERSONAL NAME | |
| Personal name | Banks, Jerry. |
| 9 (RLIN) | 21082 |
| 942 ## - ADDED ENTRY ELEMENTS (KOHA) | |
| Source of classification or shelving scheme | Dewey Decimal Classification |
| Item type | NB - Book (Non borrowing) |
| Withdrawn status | Item status | Source of classification or shelving scheme | Damaged status | Not for loan | Vendor | Home library | Current library | Shelving location | Date acquired | Source of acquisition | Total Checkouts | Full call number | Barcode | Date last seen | Date last borrowed | Koha item type | Total Renewals | Checked out |
|---|---|---|---|---|---|---|---|---|---|---|---|---|---|---|---|---|---|---|
| Dewey Decimal Classification | Baccah | Central Library | Central Library | Lower Floor | 09/11/2010 | 1 | 003.83 DIS | 000022559 | 15/07/2025 | 24/02/2013 | NB - Book (Non borrowing) | |||||||
| Dewey Decimal Classification | Baccah | Central Library | Central Library | Lower Floor | 09/11/2010 | 8 | 003.83 DIS | 000022558 | 15/07/2025 | 27/10/2018 | Book - Borrowing | 72 | ||||||
| Dewey Decimal Classification | Baccah | Central Library | Central Library | Lower Floor | 09/11/2010 | 9 | 003.83 DIS | 000022557 | 03/10/2019 | 03/10/2019 | Book - Borrowing | 148 | 31/03/2022 | |||||
| Dewey Decimal Classification | Baccah | Central Library | Central Library | Lower Floor | 09/11/2010 | 7 | 003.83 DIS | 000022556 | 15/07/2025 | 27/10/2018 | Book - Borrowing | 47 | ||||||
| Dewey Decimal Classification | Baccah | Central Library | Central Library | Lower Floor | 20/11/2013 | Purchase | 4 | 003.83 DIS | 000035112 | 15/07/2025 | 29/10/2018 | Book - Borrowing | 27 |